000 00581nam a2200241Ia 4500
003 OSt
005 20220924153152.0
006 a|||||r|||| 00| 0
007 ta
008 220923b |||||||| |||| 00| 0 guj d
024 _a347058
037 _cTextual
040 _aARTS
_cARTS
_bguj
041 _2guj
_aguj
082 _aO156,8N00,1, K1
100 _aMehta
_9100223
245 0 _aAkashna pushpo
260 _c1961
300 _a214p.
_ccm.
650 _aGUJRATI LITERATURE
942 _hO156,8N00,1, K1
_cTEXL
_2CC
999 _c472557
_d472557